Marketingová stratégia hotela diplomová práca

Na minha lista:
Detalhes bibliográficos
Autor principal: Hardová, Lucia
Autor Corporativo: Obchodná fakulta EU. Katedra marketingu
Outros Autores: Hasprová, Mária, 1970-
Formato: Livro
Idioma:eslovaco
Publicado em: Bratislava 2012
Tags: Adicionar Tag
Sem tags, seja o primeiro a adicionar uma tag!

MARC

LEADER 00000nbm a2200000 4500
001 0159038
005 20161109102225.3
041 0 |a slo 
044 |a SK 
245 1 0 |a Marketingová stratégia hotela  |b diplomová práca  |c Lucia Hardová ; školiteľ: Mária Hasprová 
264 1 |a Bratislava  |c 2012 
300 |a 62 s. 
100 1 |a Hardová, Lucia 
700 1 |a Hasprová, Mária, 1970- 
710 2 |a Obchodná fakulta EU. Katedra marketingu